| 000 | 00809 a2200205 4500 | ||
|---|---|---|---|
| 005 | 2008090508088.0 | ||
| 008 | 080905t xxu||||| |||| 00| 0 eng d | ||
| 010 | _aENG-87544 | ||
| 020 |
_c595.00 _a817879277X |
||
| 035 | _aEN-71077 | ||
| 037 | _bD.B.Act / Pub | ||
| 082 | _a612 | ||
| 100 | _aBlaisdall, Albart | ||
| 245 |
_aHuman physiology _cby Albart blaisdall _ba textbook for higher school |
||
| 260 |
_aNew Delhi _bSports Publications _c2006 |
||
| 270 |
_a7/26, Ground Floor, Ansari Road, Darya Ganj _bNew Delhi _e110 002 _k011-55749511, 011-55257538 _mektathan@hotmail.com |
||
| 300 |
_a384 p. _c22 cm. (Hb). |
||
| 942 |
_adpl _cEN _k612 / BLA _2ddc _h612 _mBLA |
||
| 999 |
_c6670 _d6670 |
||